000
00218 a2200097 4500
001
30030
100
_a
Veronis
245
_a
Integrated circuits fabrication technology
260
_a
_b
Reston
_c
090
_c
19996
_d
19996
942
_a
NUST-CAE
_c
M
_c
11108
999
_c
265103
_d
265103